| 000 | 01057nmm a2200313 a 4500 | ||
|---|---|---|---|
| 001 | ocm0002347896 | ||
| 003 | TR-IsHL | ||
| 005 | 20201028184803.0 | ||
| 008 | 190529s2016 tu tur | ||
| 007 | cr cn | ||
| 020 | _a9786059851930 | ||
| 035 |
_a2347896 _b(N$T) |
||
| 050 | 0 | 4 |
_aPQ2167.L8 _bT8 2016 |
| 090 | 0 | 4 |
_aPQ2167.L8 _bT8 2016 |
| 100 | 1 | _aHonoré de Balzac | |
| 245 | 1 | 0 |
_aVadideki zambak _h[electronic resource] / _cHonoré de Balzac ; çeviren Cemal Süreya ; editör Melis Oflas ; içerideki resimler Pierre-Gustave Staal |
| 250 | _aBirinci Basım | ||
| 260 |
_aİstanbul : _bNotos Kitap, _c2016 |
||
| 300 | _a410 p. | ||
| 650 | 4 | _aDil ve Edebiyat | |
| 650 | 4 | _aLanguage and Literature | |
| 650 | 0 | _aFransız romanı | |
| 650 | 0 |
_aFrench _x Fiction |
|
| 650 | 7 |
_aLITERARY COLLECTIONS / European / French _2bisacsh |
|
| 700 | 1 | _aSüreya, Cemal | |
| 700 | 1 | _aOflas, Melis | |
| 700 | 1 | _aStaal, Pierre-Gustave | |
| 856 | 4 | 0 | _uhttp://search.ebscohost.com/login.aspx?direct=true&scope=site&db=e011xww&AN=2347896 |
| 999 |
_c21165 _d21165 |
||